000 00292nam a2200133Ia 4500
005 20260328104305.0
008 260328s9999||||xx |||||||||||||| ||und||
100 _aMorphosis
245 0 _aMorphosis /
_cMorphosis
260 _bGA
300 _a141 p.
650 _aARQUITECTOS
942 _cBK
999 _c10739
_d10739